Statistics for Political writers

Click here to take the quiz!

General Stats

  • This quiz has been taken 48 times
  • The average score is 6 of 16

Answer Stats

BookAuthor% Correct
Das KapitalKarl Marx
100%
The RepublicPlato
89%
The princeNiccolo Machiavelli
85%
An Inquiry into the Nature and Causes of the Wealth of NationsAdam Smith
74%
Homage to CataloniaGeorge Orwell
59%
The condition of the working class in EnglandFriedich Engels
48%
The prison notebooksAntonio Gramsci
19%
Stride Toward Freedom: The Montgomery StoryMartin Luther King
19%
The story of my experiments with truthGandhi
15%
The Global Minotaur: America, Europe and the Future of the Global EconomyYanis Varoufakis
15%
The responsibility of intellectualsNoam Chomsky
11%
The soul of man under socialismOscar Wilde
7%
Chavs, the demonization of the working classOwen Jones
7%
Reform or RevolutionRosa Luxemburg
7%
Fidel Castro: Biography with Two VoicesIgnacio Ramonet
4%
Economy and StateMax Weber
4%

Score Distribution

Percentile by Number Answered

Percent of People with Each Score

Your Score History

You have not taken this quiz